Random city to country worldwide #1 - Statistics

General Stats
  • This quiz has been taken 14 times
  • The average score is 9 of 10
Answer Stats
City Country % Correct
Perth Australia
100%
Florence Italy
100%
Busan South Korea
100%
Valencia Spain
100%
Alexandria Egypt
93%
Timbuktu Mali
86%
Donetsk Ukraine
86%
Sucre Bolivia
71%
Rawalpindi Pakistan
64%
Kano Nigeria
50%
No matching quizzes found
Score Distribution
Percent of People with Each Score
Percentile by Number Answered
Your Score History
You have not taken this quiz